000 00526nab a2200145Ia 4500
003 ES-SlBCS
005 20210601131854.0
008 140529s1967-1968xu||||| |||| 00| 0 ger d
041 _ager
100 1 _aKorvin-Krasinsky, C. de
_9189616
245 0 0 _aDie Problematik des Gemeinwohls auf Weltebene. Ein Beitrag zu seiner naturrechtliche Verwirklichung
_c C. de Korvin-Krasinsky
650 0 4 _aDerecho Natural
_941746
773 0 _tAnales de la Catedra Francisco Suarez
_gnº. 7-8, 1967-1968, págs. 97-114
_wRev1020
942 _cAR
999 _c570282
_d570282